Statistics for Megacities on an Empty Map

Click here to take the quiz!

General Stats

  • This quiz has been taken 26,936 times
    (7,986 since last reset)
  • The average score is 28 of 37

Answer Stats

Population Agglomeration % Correct
22.1 mNew York City
99%
14.8 mLondon
98%
11.4 mParis
97%
17.7 mLos Angeles
97%
23.0 mMexico City
96%
40.4 mTokyo
96%
17.3 mMoscow
95%
19.8 mBeijing
93%
13.2 mRio de Janeiro
93%
30.3 mDelhi
91%
16.8 mBuenos Aires
88%
33.6 mShanghai
88%
16.4 mIstanbul
85%
25.1 mMumbai
85%
31.3 mJakarta
85%
22.4 mSão Paulo
85%
21.0 mCairo
84%
13.9 mJohannesburg
82%
10.1 mLima
80%
24.8 mSeoul
80%
19.4 mLagos
78%
15.3 mTehran
75%
46.7 mGuangzhou / Shenzhen
75%
18.8 mBangkok
74%
25.7 mManila
74%
17.7 mOsaka
73%
16.8 mKolkata
69%
12.4 mKinshasa
65%
20.2 mDhaka
63%
17.8 mKarachi
60%
11.3 mChennai
53%
12.2 mBengaluru
51%
13.0 mLahore
49%
10.2 mHyderabad
45%
12.7 mTianjin
42%
10.5 mNagoya
42%
10.0 mXiamen
34%

Score Distribution

Percentile by Number Answered

Percent of People with Each Score

Your Score History

You have not taken this quiz since the last reset